Edith Wharton Novels Quiz Stats

 Plays Quiz Updated Jan 24, 2016

Challenge
Share
Tweet
Embed
Score 0/22 Timer 07:00
0 Plays Today
Year Published Novel % Correct
1920The Age of Innocence
78.9%
1911Ethan Frome
71.7%
1905The House of Mirth
57.8%
1917Summer
29.3%
1913The Custom of the Country
26.4%
1938The Buccaneers
26.4%
1912The Reef
22.3%
1900The Touchstone
19.9%
1928The Children
16.8%
1924Old New York
16.6%
1907The Fruit of the Tree
15.2%
Year Published Novel % Correct
1903Sanctuary
15%
1922The Glimpses of the Moon
14.8%
1902The Valley of Decision
14.6%
1918The Marne
14.3%
1923A Son at the Front
14.3%
1927Twilight Sleep
14.3%
1925The Mother's Recompense
13.9%
1907Madame de Treymes
13.5%
1929Hudson River Bracketed
12.8%
1932The Gods Arrive
12.6%
1938Fast and Loose
11.5%

You're not logged in!

Compare scores with friends on all Sporcle quizzes.
OR
Log In

You Might Also Like...

Show Comments

Extras

Top Quizzes Today


Score Distribution

Your Account Isn't Verified!

In order to create a playlist on Sporcle, you need to verify the email address you used during registration. Go to your Sporcle Settings to finish the process.

Report this User

Report this user for behavior that violates our Community Guidelines.

Details: